Trendy v controllingu

Formovanie sa pojmu marketingový kontroling, ktorý principiálne usiluje o skvalitnenie riadenia. V čom spočíva jeho význam. Ciele marketingového kontrolingu. Marketingový audit.

Uložené v:
Podrobná bibliografia
Hlavný autor: Poniščiaková, Oľga
Médium: Kapitola
Jazyk:Slovak
Predmet:
Tagy: Pridať tag
Žiadne tagy, Buďte prvý, kto otaguje tento záznam!

MARC

LEADER 00000naa a2200000 4500
001 0167166
005 20231120133830.0
041 0 |a slo 
044 |a SK 
245 1 0 |a Trendy v controllingu  |c Oľga Poniščiaková 
520 |a Formovanie sa pojmu marketingový kontroling, ktorý principiálne usiluje o skvalitnenie riadenia. V čom spočíva jeho význam. Ciele marketingového kontrolingu. Marketingový audit. 
610 2 0 |a marketing 
610 2 0 |a kontroling 
610 2 0 |a audit 
100 1 |a Poniščiaková, Oľga